Flexibilizar el mercado de trabajo: un dilema laboral

Saved in:
Bibliographic Details
Format: Text
Tags: Add Tag
No Tags, Be the first to tag this record!

MARC

LEADER 00000 a a2200000 04500
001 42608
003
040
245 |a Flexibilizar el mercado de trabajo:   |b un dilema laboral  
773 |g volumen25, número1117 ( , 2004), páginas 6-7  
999 |c 34661  |d 34661